Phantom Pain- girl in red - Statistics

General Stats
  • This quiz has been taken 20 times
  • The average score is 322 of 358
Answer Stats
Answer % Correct
a
100%
A
100%
be
100%
easier
100%
first
100%
got
100%
gotta
100%
I
100%
if
100%
in
100%
is
100%
lead
100%
let
100%
Let
100%
life
100%
like
100%
love
100%
love,
100%
Love
100%
me
100%
me,
100%
met
100%
much
100%
never
100%
on?
100%
on
100%
pains
100%
phantom
100%
place
100%
so
100%
the
100%
to
100%
today
100%
who
100%
Why
100%
wish
100%
would
100%
you
100%
You
100%
you,
100%
Your
100%
your
100%
You're
100%
you're
100%
an
83%
and
83%
angel
83%
but
83%
But
83%
con,
83%
could
83%
good
83%
how
83%
it
83%
knew
83%
late
83%
look
83%
My
83%
my
83%
not
83%
of
83%
off
83%
quickly,
83%
rose's
83%
sweet,
83%
thorn
83%
though
83%
too
83%
Until
83%
was
83%
with
83%
already
67%
amor,
67%
amor
67%
around
67%
brought
67%
do
67%
feet
67%
for
67%
I'll
67%
invested
67%
it's
67%
knees
67%
know
67%
little
67%
Mi
67%
mi
67%
might
67%
Nothing
67%
say
67%
some
67%
soon
67%
think
67%
when
67%
believe
50%
cares
50%
didn't
50%
extreme
50%
face
50%
heart
50%
hooked
50%
Je
50%
lay
50%
left
50%
meant
50%
notice
50%
really
50%
sleeve
50%
swept
50%
we're
50%
adore
33%
fate?
33%
t'aime,
33%
this
33%
truly
33%
every
17%
part
17%
No matching quizzes found
Score Distribution
Percent of People with Each Score
Percentile by Number Answered
Your Score History
You have not taken this quiz